| 000 | 00504nam a2200205Ia 4500 | ||
|---|---|---|---|
| 003 | OSt | ||
| 005 | 20140311163110.0 | ||
| 008 | 140130s9999 xx 000 0 und d | ||
| 020 | _a0439420784 | ||
| 050 |
_aPZ 7 _b.Ab131S17 2003 |
||
| 100 |
_aAbbott, Tony _94148 |
||
| 245 |
_cAbbott, Tony. _aDream thief / |
||
| 260 |
_bScholastic, _c2003. _aNew York : |
||
| 300 |
_a122 p. : _bill. ; _c18 cm. |
||
| 440 |
_v1 _930831 |
||
| 521 | _aG3 | ||
| 526 | _c500 | ||
| 942 |
_cBK-SCHOLAS _2lcc |
||
| 999 |
_c40535 _d40535 |
||